00483nam a2200193 a 4500001001300000003000900013005001700022008004100039020001000080082001400090100001800104245003200122260004000154300000800194500003500202505001000237650002400247700001800271nice12345678IN_TiNIC20260116012549.0050524s1900 chea grp 000 0 eng  ac10000a201bSMI3 aSmith, George aTwelve Pioneer Missionaries aChennai bLilly Soosai Opset c1900 a37p aincludes index and biblioraphy2 aIndex aChristian-Biography1 aSmith, George